| 000 | 00644nam a2200241Ia 4500 | ||
|---|---|---|---|
| 003 | OSt | ||
| 005 | 20230623115149.0 | ||
| 008 | 210423s2013 xx 000 0 und d | ||
| 020 | _a978-93-392-2159-1 | ||
| 040 | _cAL | ||
| 041 | _aeng | ||
| 082 | _a658.4 MCSO | ||
| 100 |
_aMCSHANE (Steven L);GLINOW (Mary Ann Von) _9107788 |
||
| 245 | _aOrganizational behavior Ed 6 | ||
| 250 | _a6 | ||
| 260 |
_aNew Delhi _bMcGrawhill Education _c2013 |
||
| 300 |
_axxxiii,603 _bPB |
||
| 365 |
_b725 _cINR |
||
| 650 |
_aExecutive Management _9107789 |
||
| 650 |
_aManagement _9107790 |
||
| 906 | _abehavior ; Ed ; Organizational | ||
| 942 |
_2ddc _cBK |
||
| 999 |
_c167695 _d167695 |
||